Haryana ke ek goan ki samajik, aarthik evam rajnitik sanrachna (Record no. 72445)

MARC details
000 -LEADER
fixed length control field 00343nam a2200133Ia 4500
008 - FIXED-LENGTH DATA ELEMENTS--GENERAL INFORMATION
fixed length control field 230917s9999||||xx |||||||||||||| ||und||
040 ## - CATALOGING SOURCE
-- 158958
Original cataloging agency VIVEKANANDA LIBRARY
041 ## - Language
-- English
082 ## - DDC NUMBER
Classification number 301.35 R137H
100 ## - MAIN ENTRY--PERSONAL NAME
Personal name Rajender Parsad
245 #0 - TITLE STATEMENT
Title Haryana ke ek goan ki samajik, aarthik evam rajnitik sanrachna
300 ## - PHYSICAL DESCRIPTION
Pages 118 p.
942 ## - ADDED ENTRY ELEMENTS (KOHA)
Koha item type Thesis
Holdings
Withdrawn status Lost status Damaged status Not for loan Location (home branch) Sublocation or collection (holding branch) Date acquired Koha issues (times borrowed) Koha full call number Accession No. Koha date last seen Koha item type
        VIVEKANANDA LIBRARY VIVEKANANDA LIBRARY 30/07/2010   301.35 R137H 146461 17/09/2023 Thesis
© Designed and Maintained by Vivekananda Library, MDU Rohtak